[Event "Titled Tuesday intern op 17th Jan Late"]
[Site "Chess.com INT"]
[Date "2023.01.17"]
[Round "6"]
[White "Lacasa Diaz, Jose Antonio"]
[Black "Gardezi, Arsal"]
[Result "0-1"]
[WhiteElo "2372"]
[BlackElo "2063"]
[PlyCount "82"]
[EventDate "2023.01.17"]
[EventType "swiss (blitz)"]
[EventRounds "11"]
[EventCountry "USA"]
[SourceTitle "CBM 212 Extra"]
[Source "ChessBase"]
[SourceDate "2023.03.31"]
[SourceVersion "1"]
[SourceVersionDate "2023.03.31"]
[SourceQuality "1"]

1. e4 e5 2. Nf3 Nc6 3. Bb5 Nf6 4. d3 Bc5 5. 0-0 d6 6. Be3 Bb6 7. Nbd2 0-0 8. Nc4 Re8 9. h3 Be6 10. Nxb6 axb6 11. c3 h6 12. a3 Bd7 13. Bc4 Be6 14. Bxe6 Rxe6 15. c4 Ne7 16. Nh4 c6 17. Qf3 d5 18. cxd5 cxd5 19. Nf5 Nxf5 20. Qxf5 dxe4 21. dxe4 Qd3 22. Rfe1 Qxe4 23. Qxe4 Nxe4 24. Bxh6 Nc5 25. Be3 Nd3 26. Re2 Rc8 27. Rd1 e4 28. Red2 Kh7 29. g4 Ne5 30. Kg2 Nc4 31. Re2 Rg6 32. Rd5 Re8 33. Rh5+ Kg8 34. Rb5 Re5 35. Rb4 Nxe3+ 36. Rxe3 f5 37. Rg3 f4 38. Rgb3 e3 39. fxe3 fxe3 40. Kf1 Rf6+ 41. Ke1 e2 0-1